000 00487cam a22001934a 4500
005 20250605164320.0
008 250528s ||||||||||||||||||||||||d
035 _a22859
020 _a9780273655008
040 _aGR-AtMCL
_bgre
_dGR-AtMCL
_eAACR2
245 1 _aMARKETING COMMUNICATIONS CONTEXTS STRATEGIES AND APPLICATIONS
250 _a3
260 _bPrentice Hall,
_c2002
300 _a790
700 1 _aFill Chris
_91973
942 _cBK
999 _c7904
_d7904